Vimpersko : geografická analýza příhraničního regionu 6 /

Hlavní autor: Novotná, Marie, 1953-
Korporativní autor: Západočeská univerzita. Katedra geografie
Jazyk: Čeština
Vydáno: Plzeň : Západočeská univerzita, 2001
Vydání: Vyd. 1.
Témata:
Fyzický popis: 121 s. : il., mapy ; 29 cm
Knihy
Uloženo v:
LEADER 01251nam a2200349 a 4500
001 000640389
003 CZ BrMZK
005 20190724112749.0
007 ta
008 021205s2001 xr f cze d
020 |a 80-7082-746-7 
040 |a BOA001  |b cze 
043 |a e-xr---  |b e-xr-jc  |2 czenas 
072 7 |a 91  |x Geografie jako věda. Výzkum. Cestování  |2 Konspekt  |9 7 
080 |a 913(1-192)  |2 MRF 
080 |a 91:001.891  |2 MRF 
080 |a (437.319)  |2 MRF 
080 |a (048.8)  |2 MRF 
100 1 |a Novotná, Marie,  |d 1953-  |7 jo20010086947  |4 aut 
245 1 0 |a Vimpersko :  |b geografická analýza příhraničního regionu 6 /  |c Marie Novotná 
250 |a Vyd. 1. 
260 |a Plzeň :  |b Západočeská univerzita,  |c 2001 
300 |a 121 s. :  |b il., mapy ;  |c 29 cm 
504 |a Obsahuje bibliografii 
650 0 7 |a pohraničí  |7 ph124197  |z Česko  |2 czenas 
650 0 7 |a geografický výzkum  |7 ph139206  |z Česko  |2 czenas 
651 7 |a Vimperk (Česko : oblast)  |7 ge131300  |2 czenas 
655 7 |a studie  |7 fd133597  |2 czenas 
710 2 |a Západočeská univerzita.  |b Katedra geografie  |7 kn20010709210 
910 |a BOA001  |b 3-1110.641 
990 |a BK 
996 6 |b 2610176701  |c 3-1110.641  |l MZK  |r Sklad / do 1 hodiny  |n 1  |p p.v.  |w 000640389  |u 000010  |a 1  |e BOA001  |j MZK50  |s P